000
00260nam a2200109Ia 4500
008
190912s9999||||xx |||||||||||||| ||und||
100
_a
James,Glyn
245
0
_a
Modern Enginering Mathematics
260
_a
England
_b
Macmillan
_c
1992
300
_a
904
942
_c
BK
999
_c
7184
_d
7184